Resum d'activitats 1986-1989 : propostes de futur / Xarxa de Biblioteques Populars. Diputació de Barcelona propostes de futur / Xarxa de Biblioteques Populars. Diputació de Barcelona
Descripción Física:
22 p., 2 map. ; 30 cm
MARC
| LEADER | 00000nam a2200000Ia 4500 | ||
|---|---|---|---|
| 001 | 8984 | ||
| 008 | 160829s9999 xx 000 0 cat d | ||
| 080 | |a FU-24-4 | ||
| 110 | 1 | |a Barcelona (Catalunya : Província). |b Xarxa de Biblioteques Populars |9 53849 | |
| 245 | |a Resum d'activitats 1986-1989 : |b propostes de futur / Xarxa de Biblioteques Populars. Diputació de Barcelona | ||
| 260 | |a Barcelona : |b [la Xarxa, s.a.] | ||
| 300 | |a 22 p., 2 map. ; |c 30 cm | ||
| 650 | |a Barcelona. Diputació. Xarxa de Biblioteques Populars |x Memòries |9 23068 | ||
| 901 | |a Arxiu | ||
| 942 | |n 1 | ||
| 952 | |0 0 |1 0 |4 0 |6 FU244 |7 1 |9 42522 |a Arxiu |b Arxiu |d 2016-12-01 |l 0 |o FU-24-4 |p 8984 |r 2016-12-01 00:00:00 |w 2016-12-01 |y ARXIU | ||
| 999 | |c 45027 |d 45027 | ||